000 00304nam a22001457a 4500
008 210309b ||||| |||| 00| 0 eng d
020 _a9780486289182
041 _aeng
080 _a82
082 _a82
100 _a21
101 _aGJL
245 _aGuy de Maupassant
_cJupiter,S
942 _2udc
_cBK
999 _c56104
_d56104